Vrai/Faux : Homonymes de départements français 3 - Statistiques

Statistiques générales
  • Ce quiz a été pris 13 fois
  • Le résultat moyen est 28 sur 50
Statistiques - réponses
Hint Explanation Réponse % Correct
Var Manuel est un ancien Premier ministre Valls FAUX
100%
Somme est un sommet de la lune Pure invention ! FAUX
92%
Yvelines est le département portant le numéro 82 80 FAUX
92%
Garonne est un fleuve VRAI
92%
Tarn est un affluent de la Garonne VRAI
92%
Vienne est la capitale de l'Autriche VRAI
92%
Réunion est le département numéroté 974 VRAI
92%
Vienne est le département numéroté 86 VRAI
92%
Paris est la capitale de la France VRAI
92%
Vosges est le département numéroté 88 VRAI
92%
Paris est un genre de plantes cactées herbacées FAUX
83%
Somme est le nom d'une bataille de 1916 VRAI
83%
Essonne est un héros grec Eson FAUX
75%
Garonne est un affluent du Rhône Garon FAUX
75%
Paris est un prénom VRAI
75%
Guyane est le département numéroté 973 VRAI
75%
Vosges est une marque de luxe de motos Voge FAUX
67%
Paris est un parfum VRAI
67%
Loir est un affluent de la Sarthe VRAI
67%
Alpe est une espèce d'aigle Pure invention ! FAUX
58%
Tarn est un fromage de chèvre Pure invention ! FAUX
58%
Vaucluse est un ferry Pure invention ! FAUX
58%
Garonne est une commune du Gard Garons FAUX
58%
Vilaine est un hameau des Ardennes Villaine FAUX
58%
Paris est un album de The Cure VRAI
58%
Alpes est un massif de Scandinavie VRAI
58%
Vienne est un ancien comté VRAI
58%
Vendée est une mer de la lune Pure invention ! FAUX
50%
Yonne est un label musical Pure invention ! FAUX
50%
Var est un poème chez les Sikhs VRAI
50%
Vendée est une race de lapin Blanc de Vendée VRAI
50%
Paris Simone est une comédienne VRAI
50%
Vosges est une ville d'Anjou Baugé FAUX
42%
Yvelines est un prénom féminin Le plus souvent sans s final FAUX
42%
Ille est une commune des Pyrénées sur Têt VRAI
42%
Guyane a été une république de 1886 à 1891 Non reconnue VRAI
42%
Réunion est une commune du Lot-et-Garonne VRAI
42%
Maine est le nom d'un désert VRAI
42%
Yonne est un affluent du Lay Yon FAUX
33%
Alpes est un groupe de rock VRAI
33%
Réunion est un ordre créé par Napoléon 1er VRAI
33%
Mayotte est le département numéroté 975 976 FAUX
25%
Loir est contenu dans le nom de 3 départements VRAI
25%
Var est une appellation de vin VRAI
25%
Vilaine est un affluent de l'Ille C'est l'inverse FAUX
17%
Guyane est un plateau On parle des Guyanes FAUX
17%
Réunion est l'ancien nom de l'île d'Yeu VRAI
17%
Somme est un affluent de la Loire VRAI
17%
Réunion est une série télé VRAI
8%
Vilaine est un affluent du Cher VRAI
8%
Aucun quiz correspondant
Distribution des résultats
% des personnes avec chaque résultat
Percentile par nombre de réponses
Votre historique - résultats
Vous n’avez pas pris ce quiz